[Event "Dnipropetrovsk 5th"]
[Site "Dnipropetrovsk"]
[Date "2005.12.15"]
[Round "10"]
[White "Varitski, Igor"]
[Black "Anapolsky, Sergey"]
[Result "1/2-1/2"]
[WhiteElo "2354"]
[BlackElo "2429"]
[PlyCount "29"]
[EventDate "2005.12.07"]
[EventType "tourn"]
[EventRounds "11"]
[EventCountry "UKR"]
[EventCategory "6"]
[SourceTitle "CBM 109 Extra"]
[Source "ChessBase"]
[SourceDate "2006.01.03"]
[SourceVersion "2"]
[SourceVersionDate "2006.01.03"]
[SourceQuality "1"]

1. e4 c5 2. Nf3 e6 3. d4 cxd4 4. Nxd4 a6 5. Bd3 Bc5 6. Nb3 Be7 7. Nc3 d6 8. 0-0 Nf6 9. a4 b6 10. f4 Nbd7 11. Qe2 Qc7 12. Be3 Bb7 13. Rae1 h5 14. Bd4 e5 15. Be3 1/2-1/2

[Event "Dnipropetrovsk Region-ch"]
[Site "Dnipropetrovsk"]
[Date "2005.11.15"]
[Round "2"]
[White "Anapolsky, Sergey"]
[Black "Filonenko, Kyryl"]
[Result "1-0"]
[WhiteElo "2418"]
[BlackElo "2244"]
[PlyCount "89"]
[EventDate "2005.11.14"]
[EventType "tourn"]
[EventRounds "13"]
[EventCountry "UKR"]
[SourceTitle "EXT 2008"]
[Source "ChessBase"]
[SourceDate "2007.11.25"]
[SourceVersion "1"]
[SourceVersionDate "2007.11.25"]
[SourceQuality "1"]

1. d4 Nf6 2. Nf3 g6 3. c4 Bg7 4. g3 0-0 5. Bg2 d6 6. 0-0 Nbd7 7. Nc3 e5 8. e4 c6 9. b3 Re8 10. h3 exd4 11. Nxd4 Nc5 12. Re1 a5 13. Rb1 Nfd7 14. Be3 Qb6 15. Qc2 Ne5 16. Red1 Qc7 17. f4 Ned7 18. Bf2 h5 19. Qd2 Nf6 20. Re1 Bd7 21. a3 a4 22. b4 Ne6 23. Nf3 Nf8 24. Rbd1 Be6 25. Bf1 N6h7 26. Bd4 Bxd4+ 27. Qxd4 Red8 28. Qf2 Qc8 29. Kh2 Nf6 30. Rd2 Bg4 31. Ng5 Be6 32. f5 gxf5 33. exf5 Bxf5 34. Bd3 Bxd3 35. Rxd3 N8h7 36. Nce4 Kg7 37. Rf3 Nxe4 38. Rxf7+ Kg8 39. Qd4 Nef6 40. Ree7 Nxg5 41. Rg7+ Kh8 42. Rxg5 Rf8 43. Rxh5+ Kg8 44. Rg5+ Kh8 45. Qh4+ 1-0

[Event "UKR-ch"]
[Site "Simferopol"]
[Date "2003.11.12"]
[Round "9"]
[White "Nosenko, Alexander"]
[Black "Anapolsky, Sergey"]
[Result "1/2-1/2"]
[WhiteElo "2505"]
[BlackElo "2425"]
[PlyCount "92"]
[EventDate "2003.11.04"]
[EventType "swiss"]
[EventRounds "9"]
[EventCountry "UKR"]
[SourceTitle "CBM 097 Extra"]
[Source "ChessBase"]
[SourceDate "2004.01.13"]
[SourceVersion "1"]
[SourceVersionDate "2004.01.13"]
[SourceQuality "1"]

1. d4 e6 2. Nf3 f5 3. g3 Nf6 4. Bg2 d5 5. c4 c6 6. 0-0 Bd6 7. b3 Qe7 8. Ne5 b6 9. Nd2 0-0 10. Ndf3 Bb7 11. Bf4 Ne4 12. Nd3 Nd7 13. Rc1 a5 14. Bxd6 Qxd6 15. Qc2 Rfc8 16. c5 bxc5 17. Nxc5 Nexc5 18. dxc5 Qe7 19. Rfd1 g6 20. e3 Qf6 21. a3 Ba6 22. Nd4 Ne5 23. Qc3 Kf7 24. Rd2 Bb7 25. Rdc2 Ba6 26. Rd2 Bb7 27. Ra2 h6 28. Rca1 g5 29. b4 g4 30. bxa5 Ba6 31. Rb1 Nc4 32. Bf1 Rc7 33. Bxc4 Bxc4 34. Rab2 e5 35. Rb7 Ra7 36. Rxa7 Rxa7 37. Nc2 Bb5 38. Nb4 Qe6 39. a4 Bxa4 40. Nd3 Re7 41. Rb8 Bb5 42. h4 Bc4 43. Rd8 Bxd3 44. Qxd3 Rd7 45. Rb8 d4 46. e4 f4 1/2-1/2

[Event "UKR-ch"]
[Site "Simferopol"]
[Date "2003.11.09"]
[Round "6"]
[White "Anapolsky, Sergey"]
[Black "Mihalichenko, Vladimir"]
[Result "1-0"]
[WhiteElo "2425"]
[BlackElo "2265"]
[PlyCount "97"]
[EventDate "2003.11.04"]
[EventType "swiss"]
[EventRounds "9"]
[EventCountry "UKR"]
[SourceTitle "CBM 097 Extra"]
[Source "ChessBase"]
[SourceDate "2004.01.13"]
[SourceVersion "1"]
[SourceVersionDate "2004.01.13"]
[SourceQuality "1"]

1. d4 Nf6 2. Nf3 e6 3. c4 b6 4. Nc3 Bb4 5. Bg5 h6 6. Bh4 Bb7 7. Nd2 0-0 8. e3 c5 9. a3 Bxc3 10. bxc3 d6 11. f3 e5 12. d5 Nbd7 13. Bd3 Qe7 14. e4 g5 15. Bf2 Nh5 16. g3 Ng7 17. Qe2 f6 18. h4 Rf7 19. Nf1 Nf8 20. Ne3 Bc8 21. Kd2 Ne8 22. Rag1 Rh7 23. f4 Kh8 24. hxg5 hxg5 25. Qf3 Qg7 26. Rxh7+ Nxh7 27. Rh1 Rb8 28. Bf1 gxf4 29. gxf4 exf4 30. Qxf4 Qg5 31. Qxg5 fxg5 32. Bg3 Rb7 33. Bh3 Bxh3 34. Rxh3 Re7 35. Kd3 Nef6 36. Bxd6 Rxe4 37. Bb8 Re8 38. Bxa7 Nd7 39. Rh6 Ra8 40. Bxb6 Ra6 41. Rd6 Nxb6 42. a4 Kg7 43. a5 Rxa5 44. Rxb6 Nf6 45. Rb5 Ra2 46. Rxc5 g4 47. d6 Ra6 48. Rc7+ Kg6 49. c5 1-0

[Event "UKR-ch"]
[Site "Simferopol"]
[Date "2003.11.07"]
[Round "4"]
[White "Anapolsky, Sergey"]
[Black "Bakalov, Eugeny"]
[Result "1/2-1/2"]
[WhiteElo "2425"]
[BlackElo "2332"]
[PlyCount "60"]
[EventDate "2003.11.04"]
[EventType "swiss"]
[EventRounds "9"]
[EventCountry "UKR"]
[SourceTitle "CBM 097 Extra"]
[Source "ChessBase"]
[SourceDate "2004.01.13"]
[SourceVersion "1"]
[SourceVersionDate "2004.01.13"]
[SourceQuality "1"]

1. d4 Nf6 2. Nf3 c5 3. e3 b6 4. c4 g6 5. Be2 Bg7 6. 0-0 d6 7. b3 0-0 8. Bb2 Bb7 9. Nc3 a6 10. Qd2 e6 11. Rfd1 Nbd7 12. Rac1 Rc8 13. dxc5 dxc5 14. Na4 Bc6 15. Ne5 Nxe5 16. Bxe5 Qxd2 17. Rxd2 Bxa4 18. bxa4 Ne4 19. Bxg7 Kxg7 20. Rd3 Rfd8 21. Rcd1 Rxd3 22. Rxd3 a5 23. Bf3 Nf6 24. Rd6 Rb8 25. Bc6 Kf8 26. e4 g5 27. f3 Ng8 28. e5 Ne7 29. Be4 Ng6 30. Bxg6 hxg6 1/2-1/2

[Event "UKR-ch"]
[Site "Simferopol"]
[Date "2003.11.04"]
[Round "1"]
[White "Kucherenko, Daniil"]
[Black "Anapolsky, Sergey"]
[Result "0-1"]
[WhiteElo "2226"]
[BlackElo "2425"]
[PlyCount "94"]
[EventDate "2003.11.04"]
[EventType "swiss"]
[EventRounds "9"]
[EventCountry "UKR"]
[SourceTitle "CBM 097 Extra"]
[Source "ChessBase"]
[SourceDate "2004.01.13"]
[SourceVersion "1"]
[SourceVersionDate "2004.01.13"]
[SourceQuality "1"]

1. e4 c5 2. Nf3 a6 3. d4 cxd4 4. Nxd4 Nf6 5. Nc3 e5 6. Nb3 Bb4 7. Bd3 d6 8. Bd2 Nbd7 9. 0-0 0-0 10. a3 Bxc3 11. Bxc3 b6 12. Qe1 Bb7 13. f4 Re8 14. fxe5 Nxe5 15. Nd4 g6 16. Qg3 Nh5 17. Qf2 Qe7 18. Rae1 Ng4 19. Qf3 Ne5 20. Qf2 Ng4 21. Qf3 Ne5 22. Qe2 Qh4 23. Nf3 Qe7 24. g3 f6 25. Bc4+ Nxc4 26. Qxc4+ Qe6 27. Qd4 Qg4 28. Nh4 Re6 29. Qxb6 Bxe4 30. Ng2 Rae8 31. Qf2 Qh3 32. Bb4 d5 33. Re2 f5 34. Nf4 Nxf4 35. Qxf4 Bh1 36. Ref2 Be4 37. Bc3 h6 38. Qc7 R6e7 39. Qc5 Kh7 40. Qd6 g5 41. Bf6 Rf7 42. Rc1 f4 43. Be5 Rfe7 44. gxf4 gxf4 45. Bxf4 Rg7+ 46. Bg3 Reg8 47. Rf6 Qg2# 0-1

[Event "UKR tt"]
[Site "Alushta"]
[Date "2003.??.??"]
[Round "2"]
[White "Kurbedinov, Ramis"]
[Black "Anapolsky, Sergey"]
[Result "1/2-1/2"]
[WhiteElo "2409"]
[BlackElo "2406"]
[PlyCount "75"]
[EventDate "2003.??.??"]
[EventType "team"]
[EventRounds "7"]
[EventCountry "UKR"]
[SourceTitle "EXT 2005"]
[Source "ChessBase"]
[SourceDate "2004.11.15"]
[SourceVersion "1"]
[SourceVersionDate "2004.11.15"]
[SourceQuality "1"]

1. d4 d5 2. c4 e6 3. Nc3 Bb4 4. Nf3 Nf6 5. Bg5 Nbd7 6. cxd5 exd5 7. e3 c5 8. Be2 Qa5 9. 0-0 Bxc3 10. bxc3 c4 11. Bxf6 Nxf6 12. Qc2 g6 13. Ne5 0-0 14. f3 Ne8 15. e4 Nd6 16. h3 Be6 17. Rae1 Kg7 18. Bd1 Rae8 19. Qd2 f6 20. exd5 Qxd5 21. Ng4 Bxg4 22. hxg4 b5 23. a4 a6 24. Bc2 Rxe1 25. Rxe1 Re8 26. Rxe8 Nxe8 27. Qf4 Qd6 28. Qxd6 Nxd6 29. Kf2 Kf7 30. Ke3 Ke6 31. Kd2 Kd5 32. axb5 axb5 33. Ke3 Ne8 34. Be4+ Kd6 35. Bb7 Nc7 36. Ke4 Ne8 37. f4 Nc7 38. g3 1/2-1/2

[Event "UKR tt"]
[Site "Alushta"]
[Date "2003.??.??"]
[Round "4"]
[White "Shilin, Denis"]
[Black "Anapolsky, Sergey"]
[Result "1-0"]
[WhiteElo "2400"]
[BlackElo "2406"]
[PlyCount "69"]
[EventDate "2003.??.??"]
[EventType "team"]
[EventRounds "7"]
[EventCountry "UKR"]
[SourceTitle "EXT 2005"]
[Source "ChessBase"]
[SourceDate "2004.11.15"]
[SourceVersion "1"]
[SourceVersionDate "2004.11.15"]
[SourceQuality "1"]

1. e4 c5 2. Nc3 Nc6 3. Bb5 Nd4 4. a4 e6 5. Nge2 a6 6. Bc4 Ne7 7. Nxd4 cxd4 8. Ne2 Nc6 9. 0-0 g6 10. d3 Bg7 11. Bf4 d6 12. Qd2 0-0 13. Bg3 Kh8 14. f3 h5 15. Bf2 Kh7 16. b4 Bh6 17. Qe1 e5 18. c3 dxc3 19. Qxc3 Be6 20. Bxe6 fxe6 21. b5 Ne7 22. d4 exd4 23. Nxd4 Qd7 24. Qb3 e5 25. Ne2 d5 26. Rad1 d4 27. Bg3 Bg7 28. f4 axb5 29. Qxb5 Nc6 30. fxe5 Rxf1+ 31. Rxf1 d3 32. Nf4 Qd4+ 33. Bf2 Qxe4 34. Ne6 Qxe5 35. Ng5+ 1-0

[Event "UKR-ch"]
[Site "Alushta"]
[Date "2002.05.08"]
[Round "6"]
[White "Anapolsky, Sergey"]
[Black "Budnikov, Oleg"]
[Result "1-0"]
[WhiteElo "2413"]
[BlackElo "2430"]
[PlyCount "65"]
[EventDate "2002.05.02"]
[EventType "swiss"]
[EventRounds "9"]
[EventCountry "UKR"]
[SourceTitle "EXT 2003"]
[Source "ChessBase"]
[SourceDate "2002.11.25"]
[SourceVersion "1"]
[SourceVersionDate "2002.11.25"]
[SourceQuality "1"]

1. d4 d5 2. Nf3 Nf6 3. c4 c6 4. e3 e6 5. Nbd2 Nbd7 6. Bd3 dxc4 7. Nxc4 c5 8. 0-0 cxd4 9. exd4 Be7 10. Nfe5 0-0 11. Qf3 Nb6 12. Nxb6 Qxb6 13. Rd1 Rd8 14. g4 Rf8 15. g5 Nd7 16. Nc4 Qd8 17. Bxh7+ Kxh7 18. Qh5+ Kg8 19. Rd3 g6 20. Qh6 Nf6 21. gxf6 Bxf6 22. Rh3 Re8 23. Bg5 Qxd4 24. Nd6 Bg7 25. Qh7+ Kf8 26. Nxe8 Kxe8 27. Qg8+ Bf8 28. Bh6 Qd6 29. Bg7 Qc5 30. Rd1 Qb4 31. Qxf8+ Qxf8 32. Bxf8 Kxf8 33. Rd8+ 1-0

[Event "Ordzhonikidze zt 1.9"]
[Site "Ordzhonikidze"]
[Date "2000.06.14"]
[Round "6"]
[White "Anapolsky, Sergey"]
[Black "Sulypa, Oleksandr"]
[Result "1/2-1/2"]
[WhiteElo "2448"]
[BlackElo "2449"]
[PlyCount "67"]
[EventDate "2000.06.09"]
[EventType "swiss"]
[EventRounds "9"]
[EventCountry "UKR"]
[SourceTitle "CBM 078"]
[Source "ChessBase"]
[SourceDate "2000.10.18"]
[SourceVersion "1"]
[SourceVersionDate "2000.10.18"]
[SourceQuality "1"]

1. Nf3 Nf6 2. c4 g6 3. g3 Bg7 4. Bg2 0-0 5. 0-0 d6 6. d4 Nc6 7. Nc3 a6 8. h3 Bd7 9. Bg5 h6 10. Be3 Rb8 11. Rc1 b5 12. cxb5 axb5 13. Nd2 e5 14. dxe5 Nxe5 15. b3 b4 16. Nce4 Nd5 17. Bd4 f5 18. Bxe5 dxe5 19. Nc4 c6 20. Nc5 e4 21. f3 exf3 22. Bxf3 Bc8 23. Kh2 Rb5 24. Nd3 Qe7 25. Nf4 Kh7 26. Qd3 Nxf4 27. gxf4 Rd8 28. Qc2 Be6 29. Bxc6 Rc5 30. Bf3 g5 31. Rcd1 gxf4 32. Rxd8 Qxd8 33. Qd1 Bd4 34. Qd3 1/2-1/2

[Event "Ordzhonikidze zt 1.9"]
[Site "Ordzhonikidze"]
[Date "2000.06.13"]
[Round "5"]
[White "Kuzmin, Gennadi P"]
[Black "Anapolsky, Sergey"]
[Result "1/2-1/2"]
[WhiteElo "2466"]
[BlackElo "2448"]
[PlyCount "106"]
[EventDate "2000.06.09"]
[EventType "swiss"]
[EventRounds "9"]
[EventCountry "UKR"]
[SourceTitle "CBM 078"]
[Source "ChessBase"]
[SourceDate "2000.10.18"]
[SourceVersion "1"]
[SourceVersionDate "2000.10.18"]
[SourceQuality "1"]

1. e4 e6 2. d4 d5 3. Nc3 Nf6 4. Bd3 c5 5. exd5 Nxd5 6. Nf3 Nc6 7. dxc5 Nxc3 8. bxc3 Bxc5 9. 0-0 h6 10. Rb1 0-0 11. Qe2 Qc7 12. Nd4 Nxd4 13. cxd4 Bd6 14. Kh1 b6 15. c4 Bb7 16. Be3 Bf4 17. Qg4 Bxe3 18. fxe3 f5 19. Qg3 Qxg3 20. hxg3 Rac8 21. Rb5 Ba6 22. Rb4 Rc7 23. Kg1 Rfc8 24. Rc1 h5 25. Kf2 g6 26. Rc3 Kf7 27. Ke1 Kf6 28. Rc2 Kg5 29. Be2 Bb7 30. Kf2 Ba6 31. a4 Kf6 32. Rb1 Rc6 33. Rbc1 Kg5 34. e4 fxe4 35. Ke3 Bb7 36. a5 R6c7 37. Rb2 Bd5 38. Rb5 Kh6 39. g4 Bxc4 40. axb6 axb6 41. g5+ Kg7 42. Bxc4 Rxc4 43. Ra1 Rc1 44. Ra7+ R8c7 45. Rxc7+ Rxc7 46. Rxb6 Kf7 47. Kxe4 Rd7 48. Rb5 Ke7 49. Ra5 Rb7 50. Ke5 Rd7 51. Rc5 Ra7 52. Rc6 Ra5+ 53. Rc5 Ra7 1/2-1/2

[Event "Ordzhonikidze zt 1.9"]
[Site "Ordzhonikidze"]
[Date "2000.06.11"]
[Round "3"]
[White "Anapolsky, Sergey"]
[Black "Timoshenko, Georgy"]
[Result "1/2-1/2"]
[WhiteElo "2448"]
[BlackElo "2584"]
[PlyCount "37"]
[EventDate "2000.06.09"]
[EventType "swiss"]
[EventRounds "9"]
[EventCountry "UKR"]
[SourceTitle "CBM 078"]
[Source "ChessBase"]
[SourceDate "2000.10.18"]
[SourceVersion "1"]
[SourceVersionDate "2000.10.18"]
[SourceQuality "1"]

1. d4 Nf6 2. Nf3 e6 3. c4 b6 4. g3 Bb7 5. Bg2 Be7 6. 0-0 0-0 7. Nc3 Ne4 8. Qc2 Nxc3 9. Qxc3 c5 10. b3 d6 11. Bb2 Bf6 12. Rad1 Qe7 13. Qd2 Nd7 14. dxc5 Bxb2 15. c6 Bxc6 16. Qxb2 Rfd8 17. Rd4 Nf6 18. Rfd1 b5 19. Ne1 1/2-1/2

[Event "Ordzhonikidze zt 1.9"]
[Site "Ordzhonikidze"]
[Date "2000.06.10"]
[Round "2"]
[White "Moroz, Alexander"]
[Black "Anapolsky, Sergey"]
[Result "1/2-1/2"]
[WhiteElo "2513"]
[BlackElo "2448"]
[PlyCount "82"]
[EventDate "2000.06.09"]
[EventType "swiss"]
[EventRounds "9"]
[EventCountry "UKR"]
[SourceTitle "CBM 078"]
[Source "ChessBase"]
[SourceDate "2000.10.18"]
[SourceVersion "1"]
[SourceVersionDate "2000.10.18"]
[SourceQuality "1"]

1. e4 c5 2. Nf3 a6 3. Nc3 e6 4. d4 cxd4 5. Nxd4 Qc7 6. Bd3 d6 7. 0-0 g6 8. Be3 Bg7 9. Qd2 Nf6 10. Bh6 0-0 11. Bxg7 Kxg7 12. Kh1 b5 13. a4 b4 14. Na2 e5 15. Ne2 a5 16. c3 b3 17. Nac1 Be6 18. Ng3 Nbd7 19. f4 Rad8 20. f5 Bc4 21. Qe2 Bxd3 22. Nxd3 Nc5 23. Rf2 h5 24. Nxc5 Qxc5 25. Rf3 Qc6 26. h4 d5 27. exd5 Qxd5 28. Qe3 e4 29. Rff1 Qe5 30. Qg5 Rde8 31. Rae1 Kh7 32. Rf4 e3 33. Ref1 Rg8 34. fxg6+ Rxg6 35. Qxe5 Rxe5 36. Rxf6 Rxg3 37. Rxf7+ Kg8 38. R7f4 e2 39. Re1 Rd3 40. Rd4 Rxd4 41. cxd4 Re4 1/2-1/2

[Event "UKR-chT 7th"]
[Site "Alushta"]
[Date "1999.04.??"]
[Round "3"]
[White "Anapolsky, Sergey"]
[Black "Eljanov, Pavel"]
[Result "1/2-1/2"]
[WhiteElo "2450"]
[BlackElo "2418"]
[PlyCount "49"]
[EventDate "1999.04.03"]
[EventType "team-swiss"]
[EventRounds "10"]
[EventCountry "UKR"]
[SourceTitle "EXT 2019"]
[Source "ChessBase"]
[SourceDate "2018.10.10"]
[SourceVersion "1"]
[SourceVersionDate "2018.10.10"]
[SourceQuality "1"]
[WhiteTeam "Dnipro Dnipropetrovsk"]
[BlackTeam "Kharkov Law Academy"]
[WhiteTeamCountry "UKR"]
[BlackTeamCountry "UKR"]

1. d4 Nf6 2. Nf3 g6 3. g3 Bg7 4. Bg2 0-0 5. c4 c6 6. Nc3 d5 7. cxd5 cxd5 8. Ne5 e6 9. Bg5 h6 10. Bf4 Nfd7 11. Qd2 Nxe5 12. Bxe5 Nc6 13. Bxg7 Kxg7 14. 0-0 b6 15. e4 dxe4 16. Bxe4 Bb7 17. Rad1 Qf6 18. d5 Ne5 19. Qe2 Rad8 20. f4 Nd7 21. dxe6 Bxe4 22. Nxe4 Qxe6 23. Rd6 Qe7 24. Rfd1 Nf6 25. Rxd8 1/2-1/2

[Event "UKR-chT 7th"]
[Site "Alushta"]
[Date "1999.04.??"]
[Round "7"]
[White "Baklan, Vladimir"]
[Black "Anapolsky, Sergey"]
[Result "1-0"]
[WhiteElo "2552"]
[BlackElo "2450"]
[PlyCount "73"]
[EventDate "1999.04.03"]
[EventType "team-swiss"]
[EventRounds "10"]
[EventCountry "UKR"]
[SourceTitle "EXT 2019"]
[Source "ChessBase"]
[SourceDate "2018.10.10"]
[SourceVersion "1"]
[SourceVersionDate "2018.10.10"]
[SourceQuality "1"]
[WhiteTeam "Danko-Donbass Donetsk"]
[BlackTeam "Dnipro Dnipropetrovsk"]
[WhiteTeamCountry "UKR"]
[BlackTeamCountry "UKR"]

1. e4 c5 2. c3 Nf6 3. e5 Nd5 4. Na3 Nc6 5. Nf3 e6 6. Nc4 b5 7. Ne3 Nxe3 8. fxe3 Qb6 9. d4 d6 10. exd6 Bxd6 11. Bd3 h6 12. Qe2 Rb8 13. 0-0 0-0 14. Kh1 e5 15. dxc5 Bxc5 16. b4 Bd6 17. e4 Be6 18. Be3 Qb7 19. a4 a6 20. Nh4 Rfe8 21. Nf5 Bxf5 22. Rxf5 Ne7 23. Rff1 Qc6 24. axb5 axb5 25. Bd2 Bc7 26. c4 bxc4 27. Bxc4 Rf8 28. b5 Qd7 29. Bb4 Bb6 30. Qh5 Bd4 31. Ra6 Rbc8 32. Bxf7+ Kh7 33. Bd2 Ng8 34. Bxh6 Rxf7 35. Bg5+ Nh6 36. Rxh6+ gxh6 37. Rxf7+ 1-0

[Event "UKR ol"]
[Site "Alushta"]
[Date "1999.??.??"]
[Round "?"]
[White "Anapolsky, Sergey"]
[Black "Ivanov, Alexander V"]
[Result "1-0"]
[WhiteElo "2450"]
[BlackElo "2255"]
[PlyCount "81"]
[EventDate "1999.05.12"]
[EventType "team"]
[EventRounds "11"]
[EventCountry "UKR"]
[SourceTitle "EXT 2001"]
[Source "ChessBase"]
[SourceDate "2000.11.22"]
[SourceVersion "1"]
[SourceVersionDate "2000.11.22"]
[SourceQuality "1"]

1. d4 Nf6 2. Nf3 g6 3. c4 Bg7 4. g3 0-0 5. Bg2 d6 6. 0-0 Nbd7 7. Nc3 e5 8. e4 exd4 9. Nxd4 Re8 10. h3 Nc5 11. Re1 a5 12. b3 c6 13. Bf4 Nh5 14. Be3 Qb6 15. Rb1 Nf6 16. Qc2 Nfd7 17. Red1 Ne5 18. f4 Ned7 19. a3 Qc7 20. b4 axb4 21. axb4 Ne6 22. Nde2 Nb6 23. Qb3 Kh8 24. Rd2 f5 25. exf5 gxf5 26. Bf2 Nf8 27. c5 dxc5 28. bxc5 Nbd7 29. Qf7 Qd8 30. Rbd1 Qe7 31. Qxf5 Ra5 32. Qe4 Ne6 33. Qb4 Ra8 34. Ne4 Nf6 35. Nd6 Rf8 36. Nc3 Nc7 37. Re1 Qd7 38. g4 Nce8 39. f5 Nxd6 40. cxd6 Ng8 41. Ne4 1-0

[Event "UKR ol"]
[Site "Alushta"]
[Date "1999.??.??"]
[Round "?"]
[White "Anapolsky, Sergey"]
[Black "Sumets, Andrey"]
[Result "1/2-1/2"]
[WhiteElo "2450"]
[BlackElo "2434"]
[PlyCount "99"]
[EventDate "1999.05.12"]
[EventType "team"]
[EventRounds "11"]
[EventCountry "UKR"]
[SourceTitle "EXT 2001"]
[Source "ChessBase"]
[SourceDate "2000.11.22"]
[SourceVersion "1"]
[SourceVersionDate "2000.11.22"]
[SourceQuality "1"]

1. d4 Nf6 2. Nf3 g6 3. c4 Bg7 4. g3 0-0 5. Bg2 d6 6. 0-0 Nbd7 7. Nc3 e5 8. e4 exd4 9. Nxd4 Re8 10. h3 a6 11. Re1 Rb8 12. Be3 Ne5 13. b3 c5 14. Nde2 b5 15. cxb5 axb5 16. Qc2 b4 17. Na4 Bb7 18. Rad1 Qe7 19. Nf4 Bc6 20. Nb2 Qb7 21. Bc1 Rbd8 22. Nd5 Nxd5 23. exd5 Bb5 24. f4 Nd7 25. Nc4 Qa6 26. Bf1 Bd4+ 27. Kh2 Rxe1 28. Rxe1 Ra8 29. Re2 Nb6 30. Rg2 Nxd5 31. Bb2 Bxb2 32. Qxb2 Nc3 33. a4 Nxa4 34. Qf6 Nc3 35. Nxd6 Rf8 36. Bc4 Bxc4 37. bxc4 Qc6 38. Qe5 Rd8 39. Rd2 Na4 40. h4 b3 41. Rd5 Rf8 42. h5 Qd7 43. Ne4 Qe6 44. Nf6+ Kh8 45. Qg5 Qe2+ 46. Kh3 Kg7 47. h6+ Kh8 48. Nd7 f6 49. Nxf6 Nb6 50. Re5 1/2-1/2

[Event "UKR ol"]
[Site "Alushta"]
[Date "1999.??.??"]
[Round "?"]
[White "Berezin, Oleg"]
[Black "Anapolsky, Sergey"]
[Result "1/2-1/2"]
[WhiteElo "2451"]
[BlackElo "2450"]
[PlyCount "43"]
[EventDate "1999.05.12"]
[EventType "team"]
[EventRounds "11"]
[EventCountry "UKR"]
[SourceTitle "EXT 2001"]
[Source "ChessBase"]
[SourceDate "2000.11.22"]
[SourceVersion "1"]
[SourceVersionDate "2000.11.22"]
[SourceQuality "1"]

1. d4 e6 2. c4 f5 3. g3 Nf6 4. Bg2 c6 5. Qc2 d5 6. Nh3 Bd6 7. 0-0 0-0 8. Bf4 b6 9. Rd1 Qe7 10. Nd2 Bb7 11. Rac1 Na6 12. a3 Rfc8 13. Qb1 Rab8 14. cxd5 cxd5 15. Bxd6 Qxd6 16. Nf4 h6 17. Nf3 Rxc1 18. Rxc1 Rc8 19. Ne5 Nd7 20. Ned3 Rxc1+ 21. Qxc1 Nab8 22. Qe3 1/2-1/2

[Event "UKR ol"]
[Site "Alushta"]
[Date "1999.??.??"]
[Round "?"]
[White "Zubarev, Alexander2222"]
[Black "Anapolsky, Sergey"]
[Result "1/2-1/2"]
[WhiteElo "2478"]
[BlackElo "2450"]
[PlyCount "132"]
[EventDate "1999.05.12"]
[EventType "team"]
[EventRounds "11"]
[EventCountry "UKR"]
[SourceTitle "EXT 2001"]
[Source "ChessBase"]
[SourceDate "2000.11.22"]
[SourceVersion "1"]
[SourceVersionDate "2000.11.22"]
[SourceQuality "1"]

1. e4 e6 2. d4 d5 3. Nd2 c5 4. Ngf3 a6 5. Bd3 Nf6 6. exd5 Nxd5 7. Nb3 Nd7 8. c4 N5f6 9. 0-0 cxd4 10. Nbxd4 Bd6 11. Qe2 Qc7 12. Nf5 0-0 13. Nxd6 Qxd6 14. b3 b6 15. Rd1 Qc7 16. Bb2 Bb7 17. Ne5 Nxe5 18. Bxe5 Qc6 19. f3 Qc5+ 20. Kh1 Rfd8 21. Rab1 a5 22. Bf4 Nd7 23. Bd6 Qc8 24. Be7 Re8 25. Bh4 Nc5 26. Bc2 e5 27. Bf2 e4 28. f4 e3 29. Bg3 Ne4 30. Bxe4 Rxe4 31. Rd3 Qc5 32. Rbd1 Rae8 33. a4 h5 34. h3 Qf5 35. Re1 R8e6 36. Rf1 Rg6 37. Rf3 Ree6 38. Rdxe3 Bxf3 39. Qxf3 Rxe3 40. Qxe3 Re6 41. Qf3 Re4 42. Qf2 Re6 43. Kh2 Kh7 44. Qf3 Rd6 45. Qf2 Rd3 46. Qxb6 h4 47. Be1 Qxf4+ 48. Kg1 Qe4 49. Kf1 Re3 50. Qxa5 Rxb3 51. Qh5+ Kg8 52. Qxh4 Qxh4 53. Bxh4 Rb4 54. a5 Rxc4 55. Bd8 Rc2 56. Kg1 Ra2 57. Kh2 f6 58. Kg3 Kf7 59. Kf3 Ke6 60. Bb6 Kf5 61. Kg3 Ra3+ 62. Kf2 Ke4 63. Bc7 f5 64. Bb6 f4 65. Bd8 Ra2+ 66. Kf1 f3 1/2-1/2

[Event "Bucharest-A"]
[Site "Bucharest"]
[Date "1994.??.??"]
[Round "?"]
[White "Anapolsky, Sergey"]
[Black "Grigore, George Gabriel"]
[Result "1/2-1/2"]
[WhiteElo "2445"]
[BlackElo "2455"]
[PlyCount "167"]
[EventDate "1994.??.??"]
[EventType "tourn"]
[EventRounds "12"]
[EventCountry "ROU"]
[EventCategory "10"]
[SourceTitle "EXT 1997"]
[Source "ChessBase"]
[SourceDate "1996.11.15"]
[SourceVersion "1"]
[SourceVersionDate "1996.11.15"]
[SourceQuality "1"]

1. d4 Nf6 2. Nf3 g6 3. c4 Bg7 4. g3 0-0 5. Bg2 d6 6. 0-0 c6 7. b3 e5 8. Nc3 e4 9. Nd2 d5 10. e3 Bg4 11. Qc2 Qd7 12. Ba3 Re8 13. Rfc1 Bh3 14. Qd1 h5 15. Bxh3 Qxh3 16. Qf1 Qd7 17. Rc2 a6 18. cxd5 cxd5 19. Na4 Qd8 20. Rac1 Nc6 21. Nc5 Qb6 22. Na4 Qa5 23. Nb1 Rac8 24. Bc5 Qd8 25. Bb6 Qd6 26. a3 Nd7 27. Bc5 Qe6 28. Bb4 h4 29. Nc5 Nxc5 30. Bxc5 Bf6 31. a4 Kg7 32. b4 hxg3 33. hxg3 b6 34. Bxb6 Nxb4 35. Rxc8 Rxc8 36. Rxc8 Qxc8 37. Bc5 Nd3 38. Nd2 Qc6 39. Qd1 Nxc5 40. dxc5 Qxc5 41. Nb3 Qc4 42. Na5 Qc5 43. Nb7 Qc6 44. Na5 Qd7 45. Nc4 d4 46. exd4 Qxd4 47. Qc2 Qc3 48. Qxe4 Qa1+ 49. Kg2 Qxa4 50. Qd5 Qa2 51. Qc5 Ba1 52. Na5 Qe6 53. Nc6 Qe4+ 54. Kg1 Qb1+ 55. Kg2 Qb5 56. Qxb5 axb5 57. g4 Kf6 58. Kf3 Ke6 59. Ke4 Kd6 60. Na5 Bc3 61. Nb7+ Kc7 62. Nc5 Kc6 63. Nb3 Bb2 64. f3 Bc3 65. Kd3 Bg7 66. Ke4 Bb2 67. Kd3 Kd5 68. Kc2 Bg7 69. Kd3 Be5 70. Na5 Kc5 71. Nb7+ Kb4 72. Nd8 Ka3 73. Nxf7 Bf4 74. Kc2 b4 75. Kb1 g5 76. Nd8 Kb3 77. Ne6 Be3 78. Nd8 Kc3 79. Ne6 Bd2 80. Nd8 Kd3 81. Ne6 Kc3 82. Nd8 Kd3 83. Ne6 Ke2 84. Kc2 1/2-1/2

[Event "ROM-chT"]
[Site "Romania"]
[Date "1994.??.??"]
[Round "?"]
[White "Anapolsky, Sergey"]
[Black "Grunberg, Mihai Lucian"]
[Result "1-0"]
[WhiteElo "2445"]
[BlackElo "2340"]
[PlyCount "99"]
[EventDate "1994.??.??"]
[EventType "team"]
[EventRounds "10"]
[EventCountry "ROU"]
[SourceTitle "EXT 1997"]
[Source "ChessBase"]
[SourceDate "1996.11.15"]
[SourceVersion "1"]
[SourceVersionDate "1996.11.15"]
[SourceQuality "1"]

1. d4 f5 2. c4 Nf6 3. g3 g6 4. Bg2 Bg7 5. Nf3 0-0 6. 0-0 d6 7. Nc3 Nc6 8. d5 Ne5 9. Nxe5 dxe5 10. e4 f4 11. b4 g5 12. Bb2 Qe8 13. Nb5 Ng4 14. h3 Qh5 15. Qf3 Bd7 16. Nxc7 Rac8 17. Ne6 Bxe6 18. dxe6 Nf6 19. Qxh5 Nxh5 20. Bf3 g4 21. Bxg4 Nf6 22. c5 Nxg4 23. hxg4 Rc6 24. Rad1 Rxe6 25. Rd7 b6 26. Rxa7 bxc5 27. b5 Rb8 28. a4 fxg3 29. fxg3 Bh6 30. Bc1 Bxc1 31. Rxc1 Kf7 32. Rxc5 Rg8 33. Ra6 Rxa6 34. bxa6 Rxg4 35. Kf2 Rg6 36. Ra5 Rg8 37. Rxe5 Ra8 38. Ra5 Ra7 39. Ke3 Ke6 40. Kd4 Kd6 41. Kc4 Kc6 42. Rh5 e6 43. Rh6 Re7 44. a5 Kd6 45. Kb5 Rc7 46. Kb6 Rc6+ 47. Kb7 Rc7+ 48. Kb8 Rc5 49. Rxh7 Rb5+ 50. Rb7 1-0